01635nam a2200421 i 450000100060000000300080000600500170001400600190003100700150005000800410006502000180010602000270012403500230015103500240017403500250019803500210022304000310024405000270027508000060030208200140030810000200032224500930034226400560043530000410049133600310053233700330056333800430059650000220063958801280066159001640078965000420095365000500099565500270104570000430107279700190111585600620113499900170119635135FlNmELB20241216221319.0m o d | cr cnu||||||||141118s2013 sp o 001 0 spa d z9788481693003 a9788499458854 (e-book) a(MiAaPQ)EBC3222585 a(Au-PeEL)EBL3222585 a(CaPaEBR)ebr10903233 a(OCoLC)992114666 aFINmELBbspaerdacFINmELB 4aBV4647.J68b.G872 2013 a20 a248.42231 aGrün, Anselm.10aRecuperar la propia alegría /cAnselm Grün ; traducción: Constantino Ruiz-Garrido. 1aEstella (Navarra) :bEditorial Verbo Divino,c2013. a1 recurso en línea (162 páginas) atextobtxt2rdacontent/spa acomputadorabc2rdamedia/spa arecurso en líneabcr2rdacarrier/spa aIncluye índice. aDescripción basada en recurso en línea; Título de la página del título en PDF (e-libro, visto November 18, 2014). aRecurso electrónico. Santa Fe, Arg.: e-libro, 2015. Disponible vía World Wide Web. El acceso puede estar limitado para las bibliotecas afiliadas a e-libro. 0aJoyxReligious aspectsxChristianity. 4aAlegríaxAspectos ReligiososxCristianismo. 4aLibros electrónicos.1 aRuiz-Garrido, Constantino,etraductor.2 ae-libro, Corp.40uhttps://elibro.net/ereader/politecnicointernacional/62195 c35135d35135